Statistics for My Kazakhstan - Lyrics - Multiple choice

Click here to take the quiz!

General Stats

  • This quiz has been taken 31 times
  • The average score is 11 of 20

Answer Stats

QuestionAnswer% Correct
My native land – My _________!Kazakhstan
91%
Take a look at my ________!country
83%
First verse Sky of _____ sungolden
74%
My ______ people are strong!Kazakh
74%
Steppe of _______ seedgolden
61%
By the vast _____ I haveland
61%
They did not give up their _____pride
61%
I have __________ countryan independent
57%
Our country is ______blessed
57%
Chorus My country, my _______,country
57%
Our _________ such!country is
57%
Legend of _______courage
57%
As your _____ I will be planted,flower
52%
As your _____ I will stream, my country!song
52%
First bridge From the ________antiquity
48%
Like an eternal ______friend
43%
Second verse The way was _________ the descendantsopened to
35%
Second bridge It welcomed the tests of ____time
35%
Our heroic _____ emergedglory
30%
Its unity is ______proper
17%

Score Distribution

Percentile by Number Answered

Percent of People with Each Score

Your Score History

You have not taken this quiz